|
|
|
|
| LEADER |
00000nam0a2200000 4500 |
| 001 |
197149 |
| 005 |
20231031183335.0 |
| 035 |
|
|
|a (RuTPU)RU\TPU\book\215048
|
| 090 |
|
|
|a 197149
|
| 100 |
|
|
|a 20110606d1937 km y0rusy50 ca
|
| 101 |
0 |
|
|a rus
|
| 102 |
|
|
|a RU
|
| 105 |
|
|
|a a z 001zy
|
| 200 |
1 |
|
|a Точечная сварка разрядом конденсатора
|f Г. И. Бабат
|
| 210 |
|
|
|a Москва
|d 1937
|
| 215 |
|
|
|a 39 с.
|c ил.
|
| 225 |
1 |
|
|a Библиотека изобретателя и рационализатора
|
| 300 |
|
|
|a Издание Всесоюзной постоянной выставки изобретательства и рационализации.
|
| 320 |
|
|
|a Библиогр.: с. 20.
|
| 423 |
|
|
|t Результаты применения конденсаторной сварки
|f С. М. Попов
|a Попов, С. М.
|
| 610 |
1 |
|
|a точечная сварка
|
| 610 |
1 |
|
|a конденсаторы
|
| 610 |
1 |
|
|a разряд
|
| 610 |
1 |
|
|a конденсаторная сварка
|
| 610 |
1 |
|
|a применение
|
| 610 |
1 |
|
|a сварочные материалы
|
| 610 |
1 |
|
|a сварочные процессы
|
| 610 |
1 |
|
|a сварочные трансформаторы
|
| 675 |
|
|
|a 621.791.763.1
|v 3
|
| 700 |
|
1 |
|a Бабат
|b Г. И.
|
| 801 |
|
1 |
|a RU
|b 63413507
|c 20110606
|
| 801 |
|
2 |
|a RU
|b 63413507
|c 20110913
|g RCR
|
| 942 |
|
|
|c BK
|